000 02222cam a22004694i 4500
003 PE-LiUPU
005 20250731172938.0
008 150623s r 000 0 d
020 _a0385144245
035 _a(Sirsi) i9780385144247
040 _aPE-LiUPU
_bspa
_cPE-LiUPU
_erda
049 _aPRUA
082 0 4 _a220.7
_bAB1985
_221
100 1 _aMoore, Carey A.,
_eautor.
245 1 0 _aJudith :
_ba new translation with introduction and commentary.
_n40 /
_cCarey A. Moore.
264 1 _aNew York :
_bDoubleday & Company, inc.,
_c1985.
300 _a286 páginas ;
_c24 centímetros
336 _atext
_2rdacontent
337 _aunmediated
_2rdamedia
338 _avolume
_2rdacarrier
490 0 _aThe Anchor Bible ;
_v40
504 _aIncluye bibliografía.
505 0 _aIntroduction. -Nebuchadnezzard's war with king arphaxad (1:1-16 [Vg 1:1-12]). -Nebuchadnezzard plots his revenge against the west (2:1-13 [Vg 2:1-6]). -General Holofernes undertakes his campaign against the west (2:14-3:10 [Vg 2:7-3:15]). -Israel's reaction to holofernes' threatened invasion of Judea (4:1-15 [Vg 4:1-16]). -Achior the ammonite, reviews for holofernes the religious history of the jews (5:1-21 [Vg 5:1-25]). -Holofernes rewards achior for his sound advice (5:22-6:21 [Vg 5:26-6:21]). -Holofernes begins an effective siege against bethulia (7:1-32 [Vg 7:1-25]). -Judith, a pious widow of bethulia, gets permission to carryour her secret plan (8:1-36 [Vg 8:1-34]). -Judith prays God to help her (9:1-14 [Vg 9:1-19]).
526 _aSEG42
526 _aSEG41
526 _aSEG40
526 _aSEG39
526 _aP94
526 _aP87
526 _aP86
526 _aP85
526 _aP77
526 _aP76
526 _aP35
630 _aBiblia.
_pA.T.
_pJudith
_xComentarios.
942 _2ddc
_cBOOK
949 _a220.7 AB 40 1985
_wDEWEY
_c1
_i44445
_lCCODEBUL1
_mBUL
_r0
_sY
_tBOOK
_u2015-6-24
_xTEOLOGIA
_PP35
_0COMPRA
_o.STAFF. Colección General
994 _aC0
_bPEPRU
596 _a1
999 _a220.7 AB 40 1985
_wDEWEY
_c21322
_i44445
_f2021-11-9
_g5
_lCCODEBUL1
_mBUL
_r0
_sY
_tBOOK
_u2015-6-24
_xTEOLOGIA
_PP35
_0COMPRA
_o.STAFF. Colección General
_d21322
980 _81
_gALBERTO SANCHEZ Responsable de Automatización